| 000 | 01772cam a22003617a 4500 | ||
|---|---|---|---|
| 001 | 13954898 | ||
| 005 | 20060724212223.0 | ||
| 008 | 050506s2005 enka b 001 0 eng d | ||
| 010 | _a 2005275484 | ||
| 015 |
_aGBA4Y7276 _2bnb |
||
| 016 | 7 |
_a011612784 _2Uk |
|
| 020 | _a0470091487 | ||
| 035 | _a(OCoLC)ocm57281904 | ||
| 040 |
_aUKM _cUKM _dSYB _dDLC |
||
| 042 | _alccopycat | ||
| 050 | 0 | 0 |
_aTK5105.88813 _b.S56 2005 |
| 082 | 0 | 4 |
_a004.678 _222 _bSIN |
| 100 | 1 |
_aSingh, Munindar P. _q(Munindar Paul), _d1964- _98957 |
|
| 245 | 1 | 0 |
_aService-Oriented Computing : _bSemantics, Processes, Agents / _cMunindar P. Singh, Michael N. Huhns. |
| 260 |
_aChichester: _bJohn Wiley & Sons, _cc2005. |
||
| 300 |
_axxxviii, 549 p. : _bill. ; _c25 cm. |
||
| 504 | _aIncludes bibliographical references and index. | ||
| 650 | 0 |
_aWeb services. _98958 |
|
| 700 | 1 |
_aHuhns, Michael N. _98959 |
|
| 856 | 4 | 2 |
_3Contributor biographical information _uhttp://www.loc.gov/catdir/enhancements/fy0626/2005275484-b.html |
| 856 | 4 | 2 |
_3Publisher description _uhttp://www.loc.gov/catdir/enhancements/fy0626/2005275484-d.html |
| 856 | 4 | 1 |
_3Table of contents only _uhttp://www.loc.gov/catdir/enhancements/fy0626/2005275484-t.html |
| 942 |
_2ddc _cBB |
||
| 999 |
_c12812 _d12812 |
||